|
|
|
|
| LEADER |
00000cam a2200000 7i4500 |
| 001 |
0000040255 |
| 005 |
20140317.0 |
| 008 |
140317 |
| 020 |
|
|
|a 9670185361
|
| 090 |
0 |
0 |
|a 006.686
|b JUB
|
| 100 |
1 |
|
|a Jubilee E
|
| 245 |
1 |
0 |
|a Photoshopreneur :
|b jana pendapatan dengan Adobe Photoshop
|c Jubilee E
|
| 260 |
|
|
|a Selangor :
|b PTS NetMedia Sdn Bhd ,
|c 2012
|
| 650 |
|
0 |
|a Adobe Photoshop
|
| 650 |
|
0 |
|a Business
|x Computer programs
|
| 650 |
|
0 |
|a Computer graphic
|
| 999 |
|
|
|a 0001269078
|b Book
|c Adult Collection
|e Cawangan Mersing
|
| 999 |
|
|
|a 0001269083
|b Book
|c Adult Collection
|e Cawangan Tmn. Ungku Tun Aminah
|
| 999 |
|
|
|a 0001269085
|b Book
|c Adult Collection
|e Cawangan AEON Kulaijaya
|
| 999 |
|
|
|a 0001279114
|b Book
|c Adult Collection
|e Perbadanan Perpustakaan Awam Johor
|